Nine Inch Nails songs by lyrics - Statistics

General Stats
  • This quiz has been taken 234 times
  • The average score is 9 of 12
Answer Stats
Lyrics Song % Correct
Help me / I broke apart my insides / Help me I've got no soul to sell / Help me / The only thing that works for me / Help me get away from myself Closer
98%
You could have it all / My empire of dirt / I will let you down / I will make you hurt Hurt
97%
Just how deep do you believe? / Will you bite the hand that feeds? / Will you chew until it bleeds? / Can you get up off your knees? The Hand That Feeds
94%
God money I'll do anything for you / God money just tell me what you want me to Head Like a Hole
92%
I believe I can see the future / Cause I repeat the same routine / I think I used to have a purpose / But then again that might have been a dream Every Day is Exactly the Same
79%
You give me the reason / You give me control / I gave you my Purity / My Purity you stole Sin
75%
Hey God why are you doing this to me? / Am I not living up to what I'm supposed to be? Terrible Lie
73%
Kinda like a cloud I was up way up in the sky / And I was feeling some feelings you wouldn't believe / Sometimes I don't believe them myself and I decided I was never coming down Down in It
71%
I got my head but my head is unraveling / Can't keep control can't keep track of where it's traveling / I got my heart but my heart's no good / And you're the only one that's understood The Perfect Drug
68%
Yes I am alone but then again I always was / As far back as I can tell / I think maybe it's because / Because you were never really real to begin with / I just made you up to hurt myself Only
67%
Shut up, silence / Add a little violence / And offend and pretend / And defend and demand my compliance Less Than
54%
The throat is deep and the mouth is wide / Saw some things on the other side Came Back Haunted
44%
No matching quizzes found
Score Distribution
Percent of People with Each Score
Percentile by Number Answered
Your Score History
You have not taken this quiz